| 000 | 00807nam a2200205 a 4500 | ||
|---|---|---|---|
| 001 | 000018942 | ||
| 003 | AM-YEHGA | ||
| 005 | 20260401115429.0 | ||
| 008 | 981028s1892 gs |||||||||||||||||arm d | ||
| 040 |
_aAM-YeHGA _cAM-YeHGA |
||
| 041 | 0 | _aarm | |
| 245 | 0 | 0 |
_aԳրաբարի համաձայնութիւնը / _cԿազմ.՝ Ստ. Մալխասեանց. |
| 260 |
_aԹիֆլիս : _bտպ. Յովհաննէս Մարտիրոսեանցի, _c1892. |
||
| 300 | _a174 էջ | ||
| 650 | 1 | 4 | _aԼեզվաբանություն |
| 650 | 1 | 4 |
_aՀայոց լեզու _xԳրաբար _95392 |
| 700 | 1 |
_aՄալխասյանց, Ստեփան Սարգսի, _d1857-1947 _eկազմ. _4com _98793 |
|
| 856 | 4 | 1 |
_uhttp://greenstone.flib.sci.am/gsdl/collect/haygirq/book/grabari_hamadzayn1892.pdf _yԿարդալ առցանց |
| 942 |
_2udc _cBK |
||
| 999 |
_c6353 _d6353 |
||